000 00321nam a2200133 i 4500
001 bg
100 1 _aWĄSIK, J.
245 0 _aKara krótkotrwałego pozbawienia wolności w Polsce /
_cJ. Wąsik.
260 _aWrocław,
_c1981.
040 _cBPK
041 _apol
942 _cKS
008 s pl f |000 0 pol
999 _c838
_d838
856 _uhttp://koha.tu.koszalin.pl/cgi-bin/koha/opac-detail.pl?biblionumber=838
_yKatalog online BPK